000 00769nam a2200217Ia 4500
001 1247
003 GE_BSU
008 181216s||||||||xx |||||||||||||| ||und||
020 _a9992896906
040 _cGE_BSU
080 _a631.4
245 _aაჭარის ნიადაგების გეოგრაფია და მათი აგროსაწარმოო გამოყენება
245 _cრედ. ო. ღორჯომელაძე
260 _aბათუმი
260 _bბათუმის უნივერსიტეტი
260 _c2003
300 _a202 გვ. 20სმ.
541 _h6 ლ.
653 _aაჭარის ნიადაგების გეოგრაფია
942 _cBK
999 _c35394
_d35394